000 01550cam a2200169 4500500
005 20260111104951.0
041 _afre
042 _adc
100 1 0 _aLord, Carnes
_eauthor
245 0 0 _aDiplomatie publique et soft power
260 _c2006.
500 _a63
520 _aRésuméTrop souvent considérée comme un instrument auxiliaire de la puissance nationale, la « diplomatie publique » peut en réalité grandement contribuer aux objectifs de politique étrangère. Le soft power de Joseph Nye offre un concept très utile pour comprendre comment elle fonctionne. Analyser les relations entre diplomatie publique et soft power dans le contexte actuel de la lutte contre le terrorisme et du Moyen-Orient permet de mieux appréhender la légitimité du projet américain.
520 _aPublic Diplomacy and Soft PowerOften seen as the last and least of the various instruments of national power, a public diplomacy that adroitly leverages the cultural resources of its society can under some circumstances achieve a great deal. Joseph Nye’s soft power is useful for understanding the larger context in which public diplomacy functions. This article assesses the relationship between public diplomacy and soft power in the contemporary context of the global war on terror and the United States’ new quasi-imperial role in the Middle East.
786 0 _nPolitique américaine | 3 | 3 | 2006-01-01 | p. 61-72 | 1771-8848
856 4 1 _uhttps://shs.cairn.info/revue-politique-americaine-2005-3-page-61?lang=fr&redirect-ssocas=7080
999 _c1631246
_d1631246